Az 1907 III. t.c.-ben biztositott [!biztosított] illetékmentesség a cégbirósági [!cégbírósági] beadvány illetékmentességére nem terjed ki

Elmentve itt :
Bibliográfiai részletek
Dokumentumtípus: Cikk
Megjelent: 1929
Sorozat:Polgári jog : a hazai és külföldi magánjog és hiteljog szemléje 5
Kulcsszavak:Illeték törvénykezés
Online Access:http://misc.bibl.u-szeged.hu/5376
LEADER 00680nab a2200157 i 4500
001 misc5376
005 20191106142716.0
008 170607s1929 hu o 0|| hun d
040 |a SZTE Miscellanea Repozitórium  |b hun 
041 |a hun 
245 0 3 |a Az 1907  |h [elektronikus dokumentum] :  |b III. t.c.-ben biztositott [!biztosított] illetékmentesség a cégbirósági [!cégbírósági] beadvány illetékmentességére nem terjed ki 
260 |c 1929 
300 |a 245-246b 
490 0 |a Polgári jog : a hazai és külföldi magánjog és hiteljog szemléje  |v 5 
695 |a Illeték törvénykezés 
856 4 0 |u http://misc.bibl.u-szeged.hu/5376/1/polgari_jog_1929_245-246b.pdf  |z Dokumentum-elérés